000 01237nam a22003497a 4500
003 CHAP
005 20220329135501.0
008 971013s1987 r 00010 d
010 _a37335
011 _a38307
035 _a42427
040 _cCHAP
090 _aTesis
100 0 0 _aOsuna García, José Alberto.
_984290
245 _aAnálisis de carbohidratos de la planta de frijol (Phaseolus vulgaris L.) bajo riego-sequía
260 _aChapingo, Méx. :
_bEl autor,
_c1987
300 _a97 h.
_b; gráfs.
502 _aTesis (M. C. Esp. en Botánica) -- Colegio de Postgraduados. Centro de Botánica
590 _aALEPH
_b10
_c20130110
_lUCH01
_h1302
590 _aBATCH-UPD
_b10
_c20130110
_lUCH01
_h2134
590 _aBATCH-UPD
_b10
_c20130410
_lUCH01
_h1443
590 _aBATCH-UPD
_b10
_c20130914
_lUCH01
_h1440
590 _aCONVERSION
_b10
_c20130109
_lUCH01
_h1321
650 1 4 _aFrijol
_xCarbohidratos en.
_943342
650 1 4 _aFrijol
_xEfecto de la humedad.
_943361
650 1 4 _aFrijol
_xEfecto de las sequías.
_943363
901 _aBK
942 _cFOLL
949 _bBC
_cTES
_d-97632
_eTS1
_h19231
_i42427
_si
949 _bBC
_cTES
_d-97633
_eTS2
_fc.2
_h19232
_i42427
_si
949 _bBC
_cTES
_d-97634
_eTS2
_fc.3
_h23474
_i42427
_si
999 _c37335
_d37335